[Event "Druzynowe Mistrzostwa Polski Juniorow 2019 - II Liga"]
[Site "Szczyrk"]
[Date "1899-12-30"]
[Round "8.65"]
[White "Lascar, Maria Elena"]
[Black "Gredka, Dominika"]
[Result "0-1"]
[WhiteTitle "I+"]
[BlackTitle "I++"]
[WhiteElo "1590"]
[BlackElo "1658"]

1. e4 c5 2. Nf3 e6 3. d4 cxd4 4. Nxd4 Nf6 5. Nc3 d6 6. g3 Be7 7. Bg2 O-O 8. O-O
a6 9. a4 Qc7 10. Be3 Nc6 11. Nxc6 bxc6 12. a5 Rb8 13. b3 c5 14. h3 Bb7 15. Re1
Nd7 16. Qd2 Ne5 17. Na4 Bf6 18. c3 Nc6 19. Nxc5 dxc5 20. Bxc5 Rfd8 21. Qe3 Rd7
22. Bb6 Qc8 23. Ra4 Bd8 24. e5 Bxb6 25. axb6 Ne7 26. Rc4 Qd8 27. Rg4 Nf5 28. Qe2
Bxg2 29. Kxg2 Qxb6 30. Ra4 Qxb3 31. Qxa6 Qxc3 32. Rb1 Rf8 33. Rc4 Qd3 34. Qc6
Qxb1 35. Qxd7 Ne3+ 36. fxe3 Qa2+ 0-1

[Event "Druzynowe Mistrzostwa Polski Juniorow 2019 - II Liga"]
[Site "Szczyrk"]
[Date "1899-12-30"]
[Round "8.66"]
[White "Wiecek, Karolina"]
[Black "Salamon, Julia"]
[Result "1/2-1/2"]
[WhiteTitle "II+"]
[BlackTitle "I"]
[WhiteElo "1189"]
[BlackElo "1273"]

1. d4 d5 2. c4 e6 3. Nc3 Nf6 4. Bg5 Be7 5. e3 h6 6. Bh4 O-O 7. Nf3 Nbd7 8. Bd3
b6 9. O-O Bb7 10. Qe2 Rc8 11. Rac1 c5 12. b3 Ne4 13. Bxe7 Nxc3 14. Rxc3 Qxe7 15.
Rfc1 Rfd8 16. e4 cxd4 17. Nxd4 dxc4 18. Rxc4 Nc5 19. b4 Nxd3 20. Qxd3 Qd7 21.
Rxc8 Bxc8 22. Qc4 Ba6 23. Qxa6 Qxd4 24. h3 Qxe4 25. Qxa7 Qxb4 26. Qc7 Qd6 27.
Qc4 Qd4 28. Qc2 Qf4 29. Rd1 Rxd1+ 30. Qxd1 Qc7 31. Qd2 Kh7 32. Qd3+ g6 33. Qd2
Kg7 34. Qd4+ e5 35. Qb2 Qc5 36. Qd2 Qd4 37. Qe2 Qc5 38. Qb2 b5 39. Qd2 Qd4 40.
Qe2 b4 41. Qc2 e4 42. Qe2 h5 43. Qe1 f5 44. Qe2 Qd3 45. Qb2+ Qc3 46. Qe2 Kh6 47.
Kh1 Qa1+ 48. Kh2 Qe5+ 49. Kg1 Qd5 50. Qe3+ Kg7 51. Qa7+ Kf6 52. Qb6+ Ke5 53. Qxb4
Qxa2 54. Qc3+ Kd6 55. Qf6+ Qe6 56. Qd4+ Kc6 57. Qa4+ Kc5 58. Qa3+ Kd4 59. Qa7+
Kd3 60. Qe3+ Kc4 61. Qe2+ Kd5 62. Qb5+ Kd6 63. Qb6+ Ke7 64. Qc7+ Kf6 65. Qd8+
Kf7 66. Qc7+ Kg8 67. Qd8+ Kg7 68. Qd4+ Qf6 69. Qd7+ Kh6 70. Qd2+ Qg5 71. Qe2 Qc1+
72. Kh2 Qc3 73. Kg1 Qa1+ 74. Kh2 Qe5+ 75. Kg1 f4 76. Kh1 Qd4 77. Kh2 Qe5 78. Kh1
e3 79. fxe3 fxe3 80. Kg1 Qa1+ 81. Kh2 Qd4 82. Kg3 g5 83. Qa6+ Kg7 84. Qb7+ Kf6
85. Qc6+ Kf5 86. Qc8+ Ke4 87. Qc2+ Ke5 88. Qc7+ Kf5 89. Qh7+ Ke5 90. Qc7+ Ke4
91. Qh7+ Kd5 92. Qb7+ Ke5 1/2-1/2

[Event "Druzynowe Mistrzostwa Polski Juniorow 2019 - II Liga"]
[Site "Szczyrk"]
[Date "1899-12-30"]
[Round "8.67"]
[White "Grzegorski, Michal"]
[Black "Wnek, Filip"]
[Result "1/2-1/2"]
[WhiteTitle "I"]
[BlackTitle "I++"]
[WhiteElo "1763"]
[BlackElo "1749"]

1. e4 c5 2. Nf3 Nc6 3. d4 cxd4 4. Nxd4 e5 5. Nb5 d6 6. N1c3 a6 7. Na3 b5 8. Nd5
Nce7 9. c4 Nxd5 10. Qxd5 Be6 11. Qd1 Nf6 12. cxb5 Nxe4 13. bxa6 f5 14. Bd3 Qa5+
15. Bd2 Qd5 16. Bc4 Qc5 17. Be3 Qb4+ 18. Bd2 Qc5 19. Be3 Qb4+ 20. Bd2 Qc5 21.
Be3 Qb4+ 22. Bd2 1/2-1/2

[Event "Druzynowe Mistrzostwa Polski Juniorow 2019 - II Liga"]
[Site "Szczyrk"]
[Date "1899-12-30"]
[Round "8.68"]
[White "Budkiewicz, Magdalena"]
[Black "Klaska, Szymon"]
[Result "1/2-1/2"]
[WhiteTitle "I++"]
[BlackTitle "III"]
[WhiteElo "1623"]
[BlackElo "1332"]

1. e4 c5 2. Nf3 d6 3. d4 cxd4 4. Nxd4 Nf6 5. Nc3 g6 6. Be2 Bg7 7. Nb3 O-O 8. O-O
Nc6 9. Be3 h5 10. h3 a6 11. f4 b5 12. Bf3 Bb7 13. a3 Qc7 14. Qe1 Rfd8 15. Qf2
Qc8 16. Nd5 Nxd5 17. exd5 Nb8 18. Bd4 Nd7 19. Bxg7 Kxg7 20. f5 Ne5 21. fxg6 fxg6
22. Kh1 e6 23. Bxh5 Rf8 24. Qg3 Rxf1+ 25. Rxf1 Bxd5 26. Nd4 Qh8 27. Bg4 Re8 28.
h4 Qh6 29. Be2 Bc4 30. Bxc4 bxc4 31. Qh3 g5 32. hxg5 Qg6 33. Rf6 Qxg5 34. Nxe6+
Rxe6 35. Rxe6 Ng4 36. Qc3+ Kf7 37. Re1 Qh4+ 38. Kg1 Qf2+ 39. Kh1 Qh4+ 40. Kg1
Qf2+ 41. Kh1 Qh4+ 1/2-1/2

[Event "Druzynowe Mistrzostwa Polski Juniorow 2019 - II Liga"]
[Site "Szczyrk"]
[Date "1899-12-30"]
[Round "8.69"]
[White "Franek, Diana"]
[Black "Glaz, Michal"]
[Result "1-0"]
[WhiteTitle "I"]
[BlackTitle "II"]
[WhiteElo "1318"]
[BlackElo "1209"]

1. e4 c5 2. Nf3 e6 3. d4 cxd4 4. Nxd4 Nf6 5. Bd3 Be7 6. Nc3 d6 7. Be3 Nc6 8. O-O
O-O 9. Re1 Nxd4 10. Bxd4 b6 11. e5 dxe5 12. Bxe5 Bb7 13. Ne4 Bxe4 14. Bxe4 Nxe4
15. Rxe4 Qxd1+ 16. Rxd1 Rac8 17. c3 Rfd8 18. Red4 Rxd4 19. Rxd4 Rd8 20. Rxd8+
Bxd8 21. Bd6 f6 22. f4 Kf7 23. Kf2 Be7 24. Bxe7 Kxe7 25. Ke3 Kd6 26. Kd4 h6 27.
h4 g5 28. g3 gxh4 29. gxh4 e5+ 30. Ke4 exf4 31. Kxf4 Ke7 32. Kf5 Kf7 33. a4 a5
34. b4 axb4 35. cxb4 Ke7 36. a5 Kd7 37. axb6 Kc6 38. Kxf6 Kxb6 39. Kg6 Kb5 40.
Kxh6 Kxb4 41. Kg7 Kc5 42. h5 Kd6 43. h6 Ke7 44. h7 Ke6 45. h8=Q Kd5 46. Qe8 Kd4
47. Qe6 Kd3 48. Qe5 Kd2 49. Qe4 Kc3 50. Kf6 Kb3 51. Qd4 Kc2 52. Ke5 Kb3 53. Ke4
Kc2 54. Qd3+ Kb2 55. Kd4 Ka2 56. Qb5 Ka1 57. Kc3 Ka2 58. Qb2# 1-0

[Event "Druzynowe Mistrzostwa Polski Juniorow 2019 - II Liga"]
[Site "Szczyrk"]
[Date "1899-12-30"]
[Round "8.70"]
[White "Rainer, Piotr"]
[Black "Rosinski, Filip"]
[Result "1-0"]
[WhiteTitle "I"]
[BlackTitle "II"]
[WhiteElo "1445"]
[BlackElo "1375"]

1. e4 c5 2. Nf3 d6 3. d4 cxd4 4. Nxd4 Nf6 5. Nc3 a6 6. a4 Qc7 7. Bg5 Nbd7 8. Be2
e6 9. O-O Be7 10. Nb3 b6 11. Be3 Bb7 12. Qd4 Qc6 13. Rad1 O-O 14. Bf3 e5 15. Qd3
Rfd8 16. Rd2 Nf8 17. Nd5 Nxd5 18. exd5 Qc7 19. a5 Nd7 20. Be4 g6 21. axb6 Nxb6
22. Na5 Rab8 23. Ra1 Nc8 24. b3 f5 25. Bxf5 gxf5 26. Qxf5 Bf8 27. Qe6+ Kh8 28.
Bg5 Be7 29. Bf6+ Bxf6 30. Qxf6+ Kg8 31. Rd3 Rd7 32. Qe6+ Kf8 33. Rg3 Rg7 34. Qf6+
Kg8 35. Rxg7+ Qxg7 36. Qd8+ Qf8 37. Qc7 Na7 38. Nxb7 Rc8 39. Qxd6 1-0

[Event "Druzynowe Mistrzostwa Polski Juniorow 2019 - II Liga"]
[Site "Szczyrk"]
[Date "1899-12-30"]
[Round "8.71"]
[White "Piotrowska, Florentyna"]
[Black "Zablocka, Katarzyna"]
[Result "1-0"]
[WhiteTitle "I"]
[BlackTitle "I"]
[WhiteElo "1278"]
[BlackElo "1255"]

1. e4 e5 2. Nf3 Nc6 3. d4 exd4 4. Nxd4 Nf6 5. Nxc6 bxc6 6. Bd3 Bb4+ 7. Bd2 Bxd2+
8. Nxd2 O-O 9. O-O Re8 10. Re1 d6 11. h3 Rb8 12. b3 Re7 13. Re2 Qe8 14. Qe1 Bb7
15. f3 Nd7 16. Nc4 Nc5 17. Nb2 Nxd3 18. cxd3 f6 19. Qc3 c5 20. Rc2 Qd7 21. d4
cxd4 22. Qxd4 c5 23. Qd2 Ba6 24. Rd1 Rb6 25. Rxc5 Qe6 26. Rd5 Rd7 27. Na4 Rc6
28. Nc5 Rxc5 29. Rxc5 Qe7 30. Rd5 Bb7 31. Rxd6 Rxd6 32. Qxd6 Qxd6 33. Rxd6 Kf8
34. Rd7 1-0

[Event "Druzynowe Mistrzostwa Polski Juniorow 2019 - II Liga"]
[Site "Szczyrk"]
[Date "1899-12-30"]
[Round "8.72"]
[White "Gaczol, Julia"]
[Black "Jedrzejewska, Zuzanna"]
[Result "1-0"]
[WhiteTitle "I"]
[BlackTitle "I"]
[WhiteElo "1338"]
[BlackElo "1189"]

1. e4 c5 2. Nf3 d6 3. d4 cxd4 4. Nxd4 Nf6 5. Nc3 a6 6. Bg5 e6 7. f4 Be7 8. Qf3
Nbd7 9. O-O-O Qc7 10. g4 b5 11. Bxf6 Nxf6 12. g5 Nd7 13. f5 Bxg5+ 14. Kb1 e5 15.
Nd5 Qb7 16. Qh5 exd4 17. Qxg5 Ne5 18. Qxg7 Rf8 19. Bh3 Rb8 20. Nf6+ Ke7 21. Nxh7
Re8 22. Qf6+ Kd7 23. Rxd4 Qc6 24. Rhd1 Kc7 25. Ng5 Kb7 26. Nxf7 Nd7 27. Qxd6 Qc7
28. Qxc7+ Kxc7 29. Nd6 Rh8 30. Nxc8 Kxc8 31. Rxd7 Rxh3 32. Rd8+ Kb7 33. Rxb8+
Kxb8 34. Re1 Kc7 35. Re2 Kd6 36. e5+ Ke7 37. Kc1 Rf3 38. f6+ Ke6 39. Kd2 a5 40.
Ke1 b4 41. Rf2 Rxf2 42. Kxf2 a4 43. h4 a3 44. bxa3 bxa3 45. h5 Kxe5 46. f7 Kd4
47. f8=Q Kc3 48. Qxa3+ Kxc2 49. Qd6 Kb2 50. Qc5 Ka1 51. Qc1+ Kxa2 52. Qc3 Kb1
53. Qd2 Ka1 54. Qb4 Ka2 55. Ke2 Ka1 56. Kd2 Ka2 57. Kc3 Ka1 58. Qb2# 1-0

[Event "Druzynowe Mistrzostwa Polski Juniorow 2019 - II Liga"]
[Site "Szczyrk"]
[Date "1899-12-30"]
[Round "8.73"]
[White "Trybus, Daniel"]
[Black "Burzak, Wojciech"]
[Result "1-0"]
[WhiteTitle "I++"]
[BlackTitle "I"]
[WhiteElo "1957"]
[BlackElo "1705"]

1. e4 e5 2. Nf3 Nc6 3. Bb5 Nf6 4. O-O Nxe4 5. Re1 Nd6 6. Nxe5 Be7 7. Bf1 O-O 8.
d4 Nf5 9. c3 d5 10. Bd3 Re8 11. Qf3 Nxe5 12. Rxe5 Bd6 13. Rxe8+ Qxe8 14. Nd2 Qe6
15. Nf1 Bd7 16. Bf4 Bxf4 17. Qxf4 Qd6 18. Qf3 Ne7 19. c4 c6 20. c5 Qh6 21. Qg3
Rc8 22. Re1 Qf6 23. Bb1 Be6 24. Qc3 Ng6 25. Qb4 Qe7 26. Ng3 Qd7 27. Re3 Ne7 28.
Rb3 Rc7 29. Qa5 a6 30. Re3 Rc8 31. f4 g6 32. Qe1 Rc7 33. b4 Nf5 34. Nxf5 Bxf5
35. Re8+ Kg7 36. Qe5+ f6 37. Bxf5 gxf5 38. Qe3 Qf7 39. h3 Qg6 40. a4 Qf7 41. Kh2
Qg6 42. Qe2 Qf7 43. b5 axb5 44. axb5 Qg6 45. Re6 Qf7 46. Re3 Kf8 47. bxc6 bxc6
48. Qf2 Re7 49. Rb3 Rb7 50. Ra3 Ra7 51. Rb3 Rb7 52. Rb6 Qc7 53. Qb2 Ra7 54. g3
Qd7 55. Qe2 Rc7 56. h4 Kf7 57. Rb3 Kg7 58. Re3 Kf7 59. Kh3 Ra7 60. Qh5+ Kg7 61.
Qe2 Kf7 62. Rb3 Ra4 63. Qb2 Ra7 64. Rb8 Rc7 65. Qe2 Rc8 66. Rb6 Rc7 67. h5 Kg7
68. Rb8 Kf7 69. h6 Kg6 70. Rg8+ Kxh6 71. g4 fxg4+ 72. Kg3 Qf5 73. Rxg4 1-0

[Event "Druzynowe Mistrzostwa Polski Juniorow 2019 - II Liga"]
[Site "Szczyrk"]
[Date "1899-12-30"]
[Round "8.74"]
[White "Skowron, Mateusz"]
[Black "Lendzion, Kamil"]
[Result "0-1"]
[WhiteTitle "I"]
[BlackTitle "I"]
[WhiteElo "1594"]
[BlackElo "1795"]

1. e4 c5 2. Nc3 Nc6 3. f4 g6 4. Nf3 Bg7 5. Bb5 a6 6. Bxc6 bxc6 7. O-O e6 8. d3
d5 9. Qe1 Rb8 10. Ne5 Ne7 11. Qg3 O-O 12. f5 exf5 13. Nxg6 hxg6 14. Qxb8 dxe4
15. dxe4 Qd4+ 16. Kh1 fxe4 17. Bf4 Nd5 18. Nxd5 cxd5 19. c3 Qc4 20. Bd6 Qb5 21.
Qxb5 axb5 22. Bxf8 Kxf8 23. a4 bxa4 24. Rxa4 Be6 25. Ra5 d4 26. b4 d3 27. bxc5
e3 28. Raa1 e2 29. Kg1 Bxc3 30. Rab1 Bd4+ 31. Kh1 exf1=Q+ 32. Rxf1 Bxc5 33. Rd1
Bf5 0-1

[Event "Druzynowe Mistrzostwa Polski Juniorow 2019 - II Liga"]
[Site "Szczyrk"]
[Date "1899-12-30"]
[Round "8.75"]
[White "Pazdzierz, Piotr"]
[Black "Celebias, Filip"]
[Result "1/2-1/2"]
[WhiteTitle "I"]
[BlackTitle "II"]
[WhiteElo "1722"]
[BlackElo "1380"]

1. c4 e5 2. g3 Nf6 3. Bg2 c6 4. d4 exd4 5. Qxd4 d5 6. Bg5 dxc4 7. Bxf6 Qxf6 8.
Qxf6 gxf6 9. a3 Be6 10. Nf3 Bc5 11. Nbd2 Nd7 12. O-O Ke7 13. Rfc1 b5 14. Rc2 Rhd8
15. Rac1 Rac8 16. Nh4 Ne5 17. Ne4 Bb6 18. h3 Ng6 19. Nf3 Bf5 20. Nfd2 h5 21. Kh2
Rd4 22. e3 Rd7 23. Nb1 Ne5 24. Nbc3 Rcd8 25. Rf1 Nd3 26. Bf3 Bg6 27. Re2 Ba5 28.
Kg2 Ne5 29. Nc5 Rd2 30. Nb7 Bxc3 31. Nxd8 Rxd8 32. bxc3 Nxf3 33. Kxf3 Bd3 34.
Rfe1 1/2-1/2

[Event "Druzynowe Mistrzostwa Polski Juniorow 2019 - II Liga"]
[Site "Szczyrk"]
[Date "1899-12-30"]
[Round "8.76"]
[White "Grodzicki, Piotr"]
[Black "Mocko, Maciej"]
[Result "0-1"]
[WhiteTitle "II"]
[BlackTitle "II"]
[WhiteElo "1204"]
[BlackElo "1385"]

1. Nf3 Nf6 2. b3 c5 3. Bb2 Nc6 4. e3 d5 5. Bb5 Bd7 6. d3 Qc7 7. Nbd2 e6 8. Bxc6
Bxc6 9. Ne5 Bd6 10. Nxc6 Qxc6 11. Nf3 Qc7 12. h3 O-O-O 13. Qe2 Kb8 14. O-O-O Ka8
15. Kb1 Ne8 16. Rd2 f6 17. c4 dxc4 18. dxc4 Qb6 19. Rhd1 Nc7 20. Ne1 Rd7 21. Rd3
Na6 22. Nc2 Rhd8 23. Qd2 Qc6 24. f3 Kb8 25. Bc3 Kc8 26. Ba5 Nc7 27. Bc3 Bg3 28.
Rxd7 Rxd7 29. Qxd7+ Qxd7 30. Rxd7 Kxd7 31. Kc1 e5 32. Kd2 Ke6 33. Ke2 Kf5 34.
Be1 Bxe1 35. Nxe1 h5 36. Nd3 Ne6 37. Nf2 h4 38. Ne4 Kg6 39. Nd6 Nd8 40. e4 Kg5
41. Nf5 Ne6 42. Nd6 b6 43. Nc8 Nd4+ 44. Kf2 Nc6 45. Nd6 g6 46. Nf7+ Kf4 47. Nh8
Ne7 48. Nf7 f5 49. Nd6 Nc6 50. a3 Nd4 51. b4 Nc2 52. bxc5 bxc5 53. a4 Na3 54.
a5 fxe4 55. fxe4 a6 56. Nb7 Nxc4 57. Nxc5 Nxa5 58. Nxa6 Kxe4 59. Nc5+ Kf4 60.
Nd3+ Kf5 61. g3 hxg3+ 62. Kxg3 Nc4 63. h4 Nd2 64. Ne1 Ne4+ 65. Kf3 Nf6 66. Ng2
e4+ 67. Kg3 Nh5+ 68. Kf2 Kg4 69. Ke3 Kg3 70. Ne1 Nf6 0-1

[Event "Druzynowe Mistrzostwa Polski Juniorow 2019 - II Liga"]
[Site "Szczyrk"]
[Date "1899-12-30"]
[Round "8.77"]
[White "Zarebska, Lena"]
[Black "Mytnik, Kinga"]
[Result "1-0"]
[WhiteTitle "I++"]
[BlackTitle "I"]
[WhiteElo "1773"]
[BlackElo "1604"]

1. e4 d6 2. d4 Nf6 3. f3 Nbd7 4. c4 e5 5. d5 c6 6. Be3 Qc7 7. Nc3 Be7 8. Bd3 a6
9. Nge2 c5 10. Ng3 Nf8 11. a3 b6 12. Qe2 Ng6 13. Nf5 Bf8 14. g4 h5 15. g5 Ng8
16. Qf2 N8e7 17. O-O-O Bd7 18. Rhf1 O-O-O 19. b4 Kb7 20. bxc5 bxc5 21. Kd2 Nc8
22. Rb1+ Ka7 23. Rb2 Nb6 24. Rfb1 Rb8 25. a4 Bc8 26. Kd1 Nd7 27. a5 Rxb2 28. Qxb2
Ne7 29. Nb5+ axb5 30. cxb5 Nb6 31. axb6+ Qxb6 32. Ra1+ Kb8 33. Qa3 Nxf5 34. Qa8+
Kc7 35. exf5 Qb8 36. Qc6+ Kd8 37. Bd2 Bd7 38. Ba5+ Ke8 39. Qb6 Qc8 40. Bd2 Be7
41. Ra7 c4 42. Qa5 Bd8 43. b6 cxd3 44. Ra8 Qb7 45. Qa7 Bc8 46. Rb8 Qd7 47. b7
Bxb7 48. Rxb7 Qxf5 49. Qa4+ Kf8 50. Qa8 Ke8 51. Rb8 Ke7 52. Qa7+ Ke8 53. Qc7 Qd7
54. Qc6 Qxc6 55. dxc6 Ke7 56. c7 Bxc7 57. Rxh8 g6 58. Ra8 Bb6 59. Ra6 Bc5 60.
Bc1 f6 61. gxf6+ Kxf6 62. Ba3 Bxa3 63. Rxa3 d5 64. Rxd3 Ke6 65. Ke2 g5 66. h3
d4 67. Ra3 Kf5 68. Kf2 g4 69. hxg4+ hxg4 70. fxg4+ Kxg4 71. Rf3 Kg5 72. Ke2 Kg4
73. Rf8 e4 74. Rd8 d3+ 75. Ke3 Kf5 76. Rd5+ 1-0

[Event "Druzynowe Mistrzostwa Polski Juniorow 2019 - II Liga"]
[Site "Szczyrk"]
[Date "1899-12-30"]
[Round "8.78"]
[White "Szewczuk, Aleksandra"]
[Black "Anyz, Monika"]
[Result "1-0"]
[WhiteTitle "I"]
[BlackTitle "I+"]
[WhiteElo "1218"]
[BlackElo "1404"]

1. e4 c5 2. Nf3 e6 3. d4 cxd4 4. Nxd4 Bc5 5. Nb3 Bb6 6. Bd3 Ne7 7. O-O O-O 8. Nc3
Nbc6 9. Re1 f5 10. Be3 fxe4 11. Nxe4 Nf5 12. Bxb6 axb6 13. Ng3 Nh6 14. Re3 d5
15. c3 e5 16. Bc2 e4 17. h3 Be6 18. Nd4 Bd7 19. Bb3 Nxd4 20. Qxd4 Bc6 21. Rxe4
Nf7 22. Nh5 Qg5 23. Rg4 Qe5 24. Rxg7+ Kh8 25. Rxf7 Qxd4 26. Rxf8+ Rxf8 27. cxd4
Rf5 28. Ng3 Rf4 29. Rd1 Rf7 30. Ne4 Re7 31. Nc3 Rd7 32. Re1 Kg7 33. f4 b5 34.
a3 Kf6 35. Kf2 h6 36. g4 Rd6 37. Kf3 b6 38. Re5 Rd8 39. Bxd5 Bd7 40. Ne4+ Kg7
41. Re7+ Kh8 42. Nf6 1-0

[Event "Druzynowe Mistrzostwa Polski Juniorow 2019 - II Liga"]
[Site "Szczyrk"]
[Date "1899-12-30"]
[Round "8.79"]
[White "Kocierz, Pawel"]
[Black "Radecki, Adam"]
[Result "0-1"]
[WhiteTitle "II"]
[BlackTitle "I"]
[WhiteElo "1309"]
[BlackElo "1803"]

1. Nf3 f5 2. g3 Nf6 3. Bg2 e6 4. d4 Be7 5. O-O O-O 6. c4 d6 7. Nc3 Nbd7 8. Qc2
h6 9. h4 c6 10. a4 Nb6 11. b3 d5 12. a5 Nbd7 13. Ba3 Ne4 14. Bxe7 Qxe7 15. Ne5
Nxe5 16. dxe5 Nxc3 17. Qxc3 f4 18. c5 a6 19. b4 Bd7 20. e4 Be8 21. exd5 exd5 22.
Rae1 Qe6 23. gxf4 Bg6 24. Qg3 Rad8 25. h5 Bf5 26. Kh2 d4 27. Rg1 Qf7 28. e6 Qxh5+
29. Bh3 Qxh3+ 30. Qxh3 Bxh3 31. e7 Bf5 32. exf8=Q+ Kxf8 33. Rd1 d3 34. Rd2 Rd4
35. Rb1 Rxf4 36. Kg3 Rd4 37. f4 Kf7 38. Kf3 h5 39. Kg3 Rc4 40. Kh4 g6 41. Kg5
h4 42. Kxh4 Rxf4+ 43. Kg3 Rd4 44. Kf3 Ke6 45. Ke3 Kd5 46. Rf2 Re4+ 47. Kd2 Kc4
48. Rc1+ Kb5 49. Kxd3 Rxb4+ 50. Rxf5 gxf5 51. Rf1 f4 52. Rh1 Kxa5 0-1

[Event "Druzynowe Mistrzostwa Polski Juniorow 2019 - II Liga"]
[Site "Szczyrk"]
[Date "1899-12-30"]
[Round "8.80"]
[White "Distel, Pawel"]
[Black "Rzasa, Michal"]
[Result "1-0"]
[WhiteTitle "I"]
[BlackTitle "III"]
[WhiteElo "1675"]
[BlackElo "1347"]

1. Nf3 d5 2. g3 Nf6 3. Bg2 g6 4. O-O Bg7 5. d3 O-O 6. Nbd2 Nc6 7. e4 e6 8. e5 Nd7
9. d4 f6 10. exf6 Bxf6 11. Nb3 Nb6 12. Re1 Re8 13. Ne5 Nxe5 14. dxe5 Bg7 15. f4
Bf8 16. Be3 Nc4 17. Rb1 b6 18. Kh1 c5 19. c3 Qc7 20. Nd2 Nxd2 21. Qxd2 Bb7 22.
Qf2 c4 23. Bd4 Bc5 24. Rbd1 Rf8 25. Qe2 Rf5 26. Bh3 Raf8 27. Bxf5 Rxf5 28. Rf1
Rh5 29. Kg2 Be7 30. g4 Rh6 31. Qf3 Bc8 32. Kh1 Bh4 33. Rd2 Qf7 34. Be3 Kg7 35.
f5 g5 36. Bd4 Kg8 37. Re2 Bd7 38. Kg2 Qf8 39. Re3 Qf7 40. h3 Qe7 41. Qe2 Qe8 42.
fxe6 Bxe6 43. Ref3 Qe7 44. Rf6 Rxf6 45. exf6 Qd6 46. Qe5 Qd7 47. f7+ 1-0

[Event "Druzynowe Mistrzostwa Polski Juniorow 2019 - II Liga"]
[Site "Szczyrk"]
[Date "1899-12-30"]
[Round "8.81"]
[White "Czak, Dominik"]
[Black "Kubik, Rafal"]
[Result "0-1"]
[WhiteTitle "III"]
[BlackTitle "II+"]
[WhiteElo "1297"]
[BlackElo "1473"]

1. d4 d5 2. c4 e6 3. Nc3 Be7 4. Nf3 Nf6 5. Bg5 O-O 6. e3 Nbd7 7. Be2 Re8 8. O-O
c6 9. Qc2 Nf8 10. Rfd1 Bd7 11. Rac1 Rc8 12. Qb3 b6 13. Na4 h6 14. Bxf6 Bxf6 15.
c5 b5 16. Nc3 a5 17. a3 e5 18. Qc2 e4 19. Nd2 g6 20. Nf1 Bg5 21. b4 a4 22. Qd2
Qe7 23. Rc2 f5 24. Rdc1 Qe6 25. Ng3 Nh7 26. h3 Rf8 27. Re1 h5 28. Nf1 f4 29. exf4
Rxf4 30. Ne3 Rcf8 31. Rf1 Qf7 32. Bd1 Kg7 33. g3 Rf6 34. h4 Bh6 35. Qe2 Qg8 36.
Ng2 R8f7 37. Ra2 Qf8 38. Kh2 Bg4 39. Qc2 Bxd1 40. Nxd1 g5 41. Qe2 g4 42. Kg1 Rf3
43. Nge3 Nf6 44. Kg2 Ne8 45. Rb2 Nc7 46. Ra2 Ne6 47. Rd2 Kh7 48. Kg1 Ng7 49. Rc2
Nf5 50. Nxf5 R7xf5 51. Kg2 Rxa3 52. Rc3 Rxc3 53. Nxc3 Rf3 54. Qc2 Kg7 55. Re1
Rd3 56. Ne2 Qf3+ 57. Kg1 Rd2 0-1

[Event "Druzynowe Mistrzostwa Polski Juniorow 2019 - II Liga"]
[Site "Szczyrk"]
[Date "1899-12-30"]
[Round "8.82"]
[White "Karwot, Marek"]
[Black "Galla, Wiktor"]
[Result "1-0"]
[WhiteTitle "II"]
[BlackTitle "III"]
[WhiteElo "1107"]
[BlackElo "1000"]

1. e4 e5 2. Nf3 Nc6 3. Bb5 a6 4. Bxc6 dxc6 5. O-O Bd6 6. d3 Nf6 7. h3 Be6 8. Be3
Qd7 9. Ng5 h6 10. Nxe6 Qxe6 11. Kh2 O-O-O 12. Nd2 Bb4 13. Nc4 Nxe4 14. a3 Bc5
15. Bxc5 Nxc5 16. b4 Nd7 17. Re1 f6 18. Qb1 Qd5 19. Ne3 Qe6 20. a4 c5 21. bxc5
Nxc5 22. Qb4 Qb6 23. Qxb6 cxb6 24. Reb1 Kc7 25. Nc4 Nd7 26. Rb3 Rde8 27. Rab1
Re6 28. Kg3 Rc6 29. Ne3 Nc5 30. Rxb6 Rxb6 31. Nd5+ Kc6 32. Nxb6 Rd8 33. Nc4 Nxa4
34. Na5+ Kd6 35. Nxb7+ Kd7 36. Nxd8 Kxd8 37. Ra1 Nc5 38. Ra5 1-0

[Event "Druzynowe Mistrzostwa Polski Juniorow 2019 - II Liga"]
[Site "Szczyrk"]
[Date "1899-12-30"]
[Round "8.83"]
[White "Trusz, Julia"]
[Black "Robakowska, Paulina"]
[Result "1/2-1/2"]
[WhiteTitle "I+"]
[BlackTitle "I"]
[WhiteElo "1649"]
[BlackElo "1291"]

1. e4 d5 2. exd5 Nf6 3. d4 Bg4 4. Be2 Bxe2 5. Nxe2 Qxd5 6. O-O Nc6 7. b3 e6 8.
c4 Qh5 9. Nd2 Bd6 10. Nf3 O-O-O 11. Qd2 Ne4 12. Qe3 f5 13. Ng3 Bxg3 14. fxg3 h6
15. Bb2 Nb4 16. Qe2 Rhe8 17. a3 Nc6 18. Rad1 g5 19. Qc2 Qf7 20. Nd2 Nxd2 21. Rxd2
Ne7 22. Qd1 Rd6 23. Qe2 Nc6 24. Re1 Rdd8 25. Rf1 Qg6 26. Qe3 Rd6 27. Re1 Qf7 28.
Rf1 Qg6 29. Re1 Re7 30. Rf1 Red7 31. Rfd1 Re7 1/2-1/2

[Event "Druzynowe Mistrzostwa Polski Juniorow 2019 - II Liga"]
[Site "Szczyrk"]
[Date "1899-12-30"]
[Round "8.84"]
[White "Czerwinska, Oliwia"]
[Black "Pietrzak, Emilia"]
[Result "1/2-1/2"]
[WhiteTitle "I"]
[BlackTitle "I"]
[WhiteElo "1345"]
[BlackElo "1320"]

1. e4 c5 2. c3 Nf6 3. e5 Nd5 4. d4 cxd4 5. cxd4 Nc6 6. Nf3 d6 7. Bc4 dxe5 8. dxe5
Nb6 9. Qxd8+ Nxd8 10. Bb5+ Bd7 11. Bxd7+ Nxd7 12. Bf4 e6 13. O-O Bc5 14. Nbd2
O-O 15. Rfd1 Nb6 16. Rac1 Rc8 17. Ne4 Be7 18. Rxc8 Nxc8 19. Bg5 f6 20. exf6 gxf6
21. Bh6 Re8 22. Be3 Nc6 23. Nc5 Bxc5 24. Bxc5 b6 25. Be3 Rd8 26. Rxd8+ Nxd8 27.
Kf1 Kf7 28. Ke2 Ke7 29. Kd3 Nd6 30. Nd4 e5 31. Nc2 Nc6 32. Bd2 a5 33. Bc3 1/2-1/2

[Event "Druzynowe Mistrzostwa Polski Juniorow 2019 - II Liga"]
[Site "Szczyrk"]
[Date "1899-12-30"]
[Round "8.85"]
[White "Kijkowski, Michal"]
[Black "Kucharski, Bartlomiej"]
[Result "1/2-1/2"]
[WhiteTitle "I"]
[BlackTitle "I++"]
[WhiteElo "1789"]
[BlackElo "1952"]

1. e4 e5 2. Nf3 Nc6 3. Bc4 Nf6 4. d3 Bc5 5. O-O d6 6. c3 O-O 7. Nbd2 a5 8. a4 Ba7
9. h3 Ne7 10. Re1 Ng6 11. Nf1 c6 12. Bb3 h6 13. d4 Re8 14. Ng3 Be6 15. Bxe6 Rxe6
16. Qb3 Qb6 17. Qxb6 Bxb6 18. Be3 Bc7 19. c4 d5 20. cxd5 cxd5 21. dxe5 Bxe5 22.
Nxe5 Nxe5 23. Bd4 Nd3 24. Re3 dxe4 25. Bxf6 gxf6 26. Rxe4 Nxb2 27. Rxe6 fxe6 28.
Ne4 Kf7 29. Nd6+ Ke7 30. Nxb7 Ra7 31. Nc5 Rc7 32. Rb1 Rxc5 1/2-1/2

[Event "Druzynowe Mistrzostwa Polski Juniorow 2019 - II Liga"]
[Site "Szczyrk"]
[Date "1899-12-30"]
[Round "8.86"]
[White "Wolak, Kamil"]
[Black "Budny, Piotr"]
[Result "1-0"]
[WhiteTitle "I"]
[BlackTitle "II"]
[WhiteElo "1619"]
[BlackElo "1426"]

1. e4 e6 2. d3 c5 3. Nd2 Nc6 4. Ngf3 Nf6 5. g3 Qc7 6. Bg2 Be7 7. O-O d6 8. Re1
e5 9. c3 Bd7 10. d4 cxd4 11. cxd4 O-O 12. Nb3 Rac8 13. Bd2 Qb6 14. Be3 Qa6 15.
Bd2 Qb6 16. Bc3 Bg4 17. d5 Nb4 18. Qd2 Na6 19. h3 Bh5 20. Nh4 Rfe8 21. Bf1 Qc7
22. Rac1 Qd7 23. Qe3 Nc5 24. Nxc5 Rxc5 25. b4 Rc7 26. Qxa7 Rec8 27. Bd2 Rxc1 28.
Bxc1 Nxe4 29. Bd3 Ng5 30. Bxg5 Bxg5 31. Bf5 Qd8 32. Bxc8 Bxh4 33. Bxb7 Bf6 34.
Qa8 Qxa8 35. Bxa8 Bg6 36. Rc1 Kf8 37. b5 Bd8 38. Rc6 Ke7 39. b6 Kd7 40. Bb7 1-0

[Event "Druzynowe Mistrzostwa Polski Juniorow 2019 - II Liga"]
[Site "Szczyrk"]
[Date "1899-12-30"]
[Round "8.87"]
[White "Nawalaniec, Adam"]
[Black "Bartuzi, Krzysztof"]
[Result "1-0"]
[WhiteTitle "II"]
[BlackTitle "II+"]
[WhiteElo "1318"]
[BlackElo "1392"]

1. e4 e6 2. d4 d5 3. exd5 exd5 4. Bd3 Nf6 5. c3 Bd6 6. Qc2 O-O 7. Bg5 h6 8. Bh4
Nc6 9. Ne2 Re8 10. Nd2 Rb8 11. a4 Qe7 12. O-O-O a5 13. Rhe1 Na7 14. f3 Qd8 15.
Bxf6 Qxf6 16. Nf4 Be6 17. Nxe6 Rxe6 18. Qb3 c6 19. Rxe6 Qxe6 20. c4 b6 21. Kb1
Bxh2 22. Qc3 c5 23. Nb3 dxc4 24. Bxc4 Qf6 25. dxc5 Qxc3 26. bxc3 b5 27. axb5 Nxb5
28. Kc2 Na3+ 29. Kd3 Nxc4 30. Kxc4 a4 31. Nd4 Rc8 32. c6 Bd6 33. Nb5 Bb8 34. Kc5
Kf8 35. Kb6 Bg3 36. Nd6 Bxd6 37. Rxd6 a3 38. Kb7 a2 39. Kb6 1-0

[Event "Druzynowe Mistrzostwa Polski Juniorow 2019 - II Liga"]
[Site "Szczyrk"]
[Date "1899-12-30"]
[Round "8.88"]
[White "Bartuzi, Michal"]
[Black "Klim, Juliusz"]
[Result "0-1"]
[WhiteTitle "II+"]
[BlackTitle "II"]
[WhiteElo "1193"]
[BlackElo "1220"]

1. d4 d5 2. c4 c6 3. Nf3 Nf6 4. Nc3 e6 5. Bg5 Nbd7 6. e3 Qa5 7. Qa4 Qxa4 8. Nxa4
dxc4 9. Nc3 b5 10. Be2 Bb4 11. O-O Bxc3 12. bxc3 Nd5 13. Rfc1 O-O 14. a4 N7b6
15. axb5 cxb5 16. e4 Nf6 17. Bxf6 gxf6 18. e5 fxe5 19. Nxe5 Bb7 20. Re1 Kh8 21.
Bh5 Kg7 22. Re3 f6 23. Bf3 Bxf3 24. Nxf3 Nd5 25. Rxe6 Nxc3 26. Re7+ Rf7 27. Re3
b4 28. Nd2 Rc7 29. Rae1 Nd5 30. Rg3+ Kf8 31. Rh3 c3 32. Nb3 a5 33. Nc5 Kg8 34.
Ra1 a4 35. Rxa4 Rxa4 0-1